| 000 | 00802nam a22002777a 4500 | ||
|---|---|---|---|
| 001 | 5461 | ||
| 003 | FISKH | ||
| 005 | 20241209154757.0 | ||
| 008 | 241209b cb ||||| |||| 00| 0 eng d | ||
| 020 | _a9780531162217 | ||
| 040 |
_aFISKH _beng _cFISKH _dFISKH |
||
| 050 | _aQK49.S675 | ||
| 082 | _a582.13 | ||
| 100 | _aSouza, D.M | ||
| 245 |
_aFreaky Flowers / _cby D. M. Souza |
||
| 260 |
_aNew York : _bFrranklin Watts ; _c2002. |
||
| 300 |
_a63 pages : _bcolor illustrations ; _c24 cm . |
||
| 490 | _a Watts Library | ||
| 505 | _aZ | ||
| 520 | _aText and photographs describe the world's strangest or most unusual flowering plants. | ||
| 521 | 8 |
_a1110
_bLexile |
|
| 521 | 8 |
_aZ
_bRaz-Plus |
|
| 650 |
_aFlowers _vJuvenile literature |
||
| 942 |
_2ddc _cBK _n0 |
||
| 999 |
_c5461 _d5461 |
||